Responses for show #4266 - Monday, March 3, 2003

Contestants

[<< previous game]

Joe Ingoglia, a Boys & Girls Club director from Bellingham, Washington

Kari Caven, a retirement representative from Post Falls, Idaho

Rich Reddick, a graduate student originally from Austin, Texas (whose 1-day cash winnings total $14,450)

[next game >>]

Jeopardy! Round responses

N.E.W.S.
PARIS
DON'T BE CHICKEN
GLAMOUR GIRLS OF SONG
FAMOUS PAIRS
A "DOG"GONE GOOD CATEGORY
    $200 21
Eastwood

Joe
    $200 5
Napoleon

Kari
    $200 18
(Joe: What is brown?)

white

KariJoe
    $200 1
Tina Turner

Rich
    $200 8
William and Mary

Kari
    $200 13
(Rich: What is a snow dog?)

dogsled

RichKari
    $400 22
South Sea

Joe
    $400 6
airports

Rich
    $400 19
Why did the chicken cross the road?

Joe
    $400 2
Janet Jackson

Rich
    $400 12
Ferrante & Teicher

Triple Stumper
    $400 14
dogwood

Rich
    $600 23
southern

Rich
    $600 9
(Joe: What is the storming of the Bastille?)

The French Revolution

RichJoe
    $600 20
"Funky Chicken"

Rich
    $600 3
Vanessa Williams

Rich
    $600 26
Marquette

Triple Stumper
    $600 15
Dog Days

Kari
    $800 24
Donald Westlake

Triple Stumper
    $800 10
Vietnam War

Joe
    $800 28
pecking order

Joe
    $800 4
Faith Hill

Kari
    $800 27
(Kari: Who are Douglas Fairbanks & Mary Pickford?)

Alfred Lunt & Lynn Fontanne

Kari
Triple Stumper
    $800 16
dogleg

Joe
    $1000 25
Lord North

Rich
    $1000 11
Pont Neuf

Kari
    $1000 29
hackles

Triple Stumper
    $1000 7
Sheena Easton

Rich
    $1,000 30
(Joe: I don't know.)

Sen. Robert Taft & Rep. Fred Hartley

Joe
    $1000 17
dogma

Kari

Scores at the first commercial break (after clue 15):

Rich Kari Joe
$3,400 $3,000 $200

Scores at the end of the Jeopardy! Round:

Rich Kari Joe
$5,600 $3,400 $1,600

Double Jeopardy! Round responses

1950s NEWS
(Alex: Not N.E.W.S..)
TV TIDBITS
THE AND LANDS
WE THINK
OO, SORRY YOU'RE POOR
(Alex: I can't wait for that category!)
BEFORE & AFTER
    $400 11
(Rich: Who is McCarty?)

Joseph McCarthy

RichJoe
    $400 1
Daisy Duke

Rich
    $400 3
(Rich: What is Herzegovinia?)

Herzegovina

RichJoe
    $400 8
Henry David Thoreau

Rich
    $400 21
sweatshops

Rich
    $400 26
[buzzer sounds to end the round]

Moe Howard Hughes

Kari
    $800 12
Van Cliburn

Rich
    $800 2
Maverick

Rich
    $800 4
(Joe: What is Barbados?)

Barbuda

Joe
Triple Stumper
    $800 9
Rene Descartes

Rich
    $800 22
(Rich: What is destitute?)
....
(Alex: Less than a minute to go, Rich.)

insane

Rich
Triple Stumper
    $1200 13
Charles Van Doren

Triple Stumper
    $1,500 16
(Rich: Who is Hayley Mills?)

Patty Duke

Rich
    $1200 5
Nevis

Joe
    $2,000 10
(Rich: Who is Gray?)

Bertrand Russell

Rich
    $1200 23
(Kari: What is Medicare?)

Medicaid

RichKari
    $1600 14
(Rich: What is Prague?)
(Kari: What is Warsaw?)

Budapest

RichKari
Triple Stumper
    $1600 17
(Rich: What are fame, music & power?)

(3 of) glory, fame, passion, success, heartbreak & fortune

Rich
Triple Stumper
    $1600 6
Principe

Joe
    $1600 19
Soren Kierkegaard

Triple Stumper
    $1600 24
shanty

Joe
    $2000 15
Shah of Iran

Rich
    $2000 18
Jan-Michael Vincent

Joe
    $2000 7
(Joe: What are the Caicos?)

the Grenadines

Joe
Triple Stumper
    $2000 20
John Locke

Triple Stumper
    $2000 25
America

Triple Stumper

Scores at the end of the Double Jeopardy! Round:

Rich Kari Joe
$4,100 $1,000 $6,000

[wagering suggestions for these scores]

Final Jeopardy! Round responses

THE NEW WORLD
KariWho was Joan of Arc?
$999
RichWho Isabel?
$4,100
JoeWho is Pocahontas
$2,201
Virginia Dare (the first child born in America of English parents)

Final scores:

Rich Kari Joe
$0 $1 $3,799
3rd place: $1,000 2nd place: $2,000 New champion: $3,799

Game dynamics:

Coryat scores:

Rich Kari Joe
$7,600 $1,000 $7,000
18 R,
8 W
(including 2 DDs)
9 R,
3 W
12 R,
5 W
(including 1 DD)

Combined Coryat: $15,600

The J! Archive is created by fans, for fans. The Jeopardy! game show and all elements thereof, including but not limited to copyright and trademark thereto, are the property of Jeopardy Productions, Inc. and are protected under law. This website is not affiliated with, sponsored by, or operated by Jeopardy Productions, Inc. Join the discussion at JBoard.tv.